[Event "Madrid-ch Previa-A"]
[Site "Madrid"]
[Date "2022.03.21"]
[Round "7"]
[White "Gomez Ramirez, Jorge"]
[Black "Jolani, Parnian"]
[Result "0-1"]
[WhiteElo "1251"]
[BlackElo "1553"]
[PlyCount "68"]
[EventDate "2022.03.07"]
[EventType "swiss"]
[EventRounds "9"]
[EventCountry "ESP"]
[SourceTitle "EXT 2023"]
[Source "ChessBase"]
[SourceDate "2022.10.05"]
[SourceVersion "1"]
[SourceVersionDate "2022.10.05"]
[SourceQuality "1"]

1. d4 Nf6 2. c4 e6 3. Nc3 d5 4. cxd5 exd5 5. Bg5 Be7 6. e3 c6 7. Bd3 Bg4 8. Qc2 Nbd7 9. Nge2 Rc8 10. 0-0 Nf8 11. f3 Bh5 12. e4 dxe4 13. fxe4 Ne6 14. Bxf6 Bxf6 15. e5 Nxd4 16. Nxd4 Qxd4+ 17. Kh1 Bxe5 18. Rae1 Bg6 19. Qe2 f6 20. Bxg6+ hxg6 21. h3 Qh4 22. Qd3 Qh5 23. Qc4 Rc7 24. Nb5 Re7 25. Nxa7 g5 26. Rf5 Qg6 27. g4 Rxh3+ 28. Kg2 Rg3+ 29. Kf2 Qh7 30. Rf3 Qh2+ 31. Ke3 Rxf3+ 32. Kxf3 Qg3+ 33. Ke2 Bf4+ 34. Kd1 Rxe1+ 0-1

[Event "Madrid-ch Previa-A"]
[Site "Madrid"]
[Date "2022.03.07"]
[Round "1"]
[White "Gomez Ramirez, Jorge"]
[Black "Hernandez Gutierrez, Jose"]
[Result "1/2-1/2"]
[WhiteElo "1251"]
[BlackElo "1732"]
[PlyCount "116"]
[EventDate "2022.03.07"]
[EventType "swiss"]
[EventRounds "9"]
[EventCountry "ESP"]
[SourceTitle "EXT 2023"]
[Source "ChessBase"]
[SourceDate "2022.10.05"]
[SourceVersion "1"]
[SourceVersionDate "2022.10.05"]
[SourceQuality "1"]

1. d4 d5 2. c4 c6 3. Nc3 Nf6 4. Nf3 e6 5. e3 Be7 6. Bd3 0-0 7. 0-0 dxc4 8. Bxc4 b5 9. Bd3 a6 10. Ne4 Nbd7 11. Qc2 Qb6 12. Nxf6+ Nxf6 13. e4 h6 14. h3 c5 15. dxc5 Bxc5 16. Re1 Bb7 17. Be3 Rac8 18. Bxc5 Rxc5 19. Qe2 Rfc8 20. Qe3 Qd8 21. Rad1 Qe7 22. Nd2 R5c7 23. Nb3 Qb4 24. f3 Nd7 25. Rc1 Nc5 26. Nxc5 Rxc5 27. Rxc5 Qxc5 28. Qxc5 Rxc5 29. Re2 e5 30. b4 Rc3 31. Rd2 Kf8 32. Kf2 Ke7 33. g3 g5 34. Ke2 Bc8 35. h4 Be6 36. Bb1 Bc4+ 37. Kf2 Rc1 38. Bd3 Bxd3 39. Rxd3 Rc2+ 40. Ke3 Rxa2 41. hxg5 hxg5 42. f4 f6 43. fxg5 fxg5 44. Kf3 Rb2 45. Ra3 Rxb4 46. Rxa6 g4+ 47. Kxg4 Rxe4+ 48. Kf5 Re1 49. g4 b4 50. Rb6 Rb1 51. Kxe5 Re1+ 52. Kf5 Rb1 53. Kg6 b3 54. g5 b2 55. Kg7 Ke8 56. g6 Ke7 57. Rb7+ Ke8 58. Kg8 Rg1 1/2-1/2